01021nai a2200229Ia 4500003000900000008004100009022002300050022002200073040001600095245006000111260008600171310001400257362002500271521006900296650005800365650004700423650004200470856009300512942000700605999001700612952016200629IN-BaIIA211028c9999 xx s 000 0 eng d a2333-942X (Online) a2380-1298 (Print) cIIA Library 0aIEEE Systems, Man, and Cybernetics Magazineh[eJournal] aNew York, USAbThe Institute of Electrical and Electronics Engineers, Inc. (IEEE) aQuarterly a1(1); 2015 - Present bSubscribed through National Knowledge Resource Consortium (NKRC) a Communication, Networking and Broadcast Technologies a Components, Circuits, Devices and Systems aSignal Processing and Analysis948813 uhttps://ieeexplore.ieee.org/servlet/opac?punumber=6745853yClick Here to Access eJournal cEJ c34601d34601 00104070aBANbBANd2009-01-01eNKRCh1(1); 2015 - Presentl0pEJ685r2021-11-05uhttps://ieeexplore.ieee.org/servlet/opac?punumber=6745853w2021-11-05yEJ